Rozhodovací posloupnosti

Na minha lista:
Detalhes bibliográficos
Autor principal: Walter, Jaromír
Autor Corporativo: Vysoká škola ekonomická v Praze. Fakulta řízení
Outros Autores: Vejmola, Stanislav
Formato: Livro
Idioma:tcheco
Publicado em: Praha Státní pedagogické nakladatelství 1983
Tags: Adicionar Tag
Sem tags, seja o primeiro a adicionar uma tag!

MARC

LEADER 00000nam a2200000 4500
001 c134220
005 20190425094309.6
041 0 |a cze 
044 |a CZ 
245 1 0 |a Rozhodovací posloupnosti  |c Jaromír Walter, Stanislav Vejmola 
264 1 |a Praha  |b Státní pedagogické nakladatelství  |c 1983 
300 |a 135 s. 
100 1 |a Walter, Jaromír 
700 1 |a Vejmola, Stanislav 
710 2 |a Vysoká škola ekonomická v Praze. Fakulta řízení